| 000 | 00696nam a2200205Ia 4500 | ||
|---|---|---|---|
| 003 | GCL | ||
| 008 | 140319s9999 xx 000 0 ara d | ||
| 040 |
_aGCL / _cGCL |
||
| 082 | 0 | 4 |
_a822 _bت ث |
| 100 | 1 | _aتشا يفسكر، يادى | |
| 245 | 1 | 0 |
_aثلاث تمثيليات للتليفزيون / _cتشا يفسكر، يادى |
| 700 | 1 | _aصلاح عزالدين (مترجم) | |
| 700 | 1 | _aعبدالحليم البشلاوى | |
| 260 |
_a[S.N] : _bمكتبة مدبولى ، _c1980 |
||
| 300 | _a223 ص | ||
| 490 |
_aمكتبة الفنون الدرامية _v0 |
||
| 650 | 0 | 4 | _aالادب الامريكى |
| 650 | 0 | 4 | _aالمسلسلات التليفزيونية |
| 942 |
_2ddc _cBK |
||
| 999 |
_c34317 _d34317 |
||